| 000 | 00603nam a2200205 u 4500 | ||
|---|---|---|---|
| 005 | 20240924071232.0 | ||
| 008 | 080522s2007 r 000 0 eng d | ||
| 020 | _a1404271945 | ||
| 035 | _aUPN01000156169 | ||
| 049 | _aI | ||
| 050 | 4 |
_aPZ71 _bD3.7 |
|
| 100 | 1 | _aDavis, Ashley | |
| 245 | 1 | 3 |
_aLa tormenta / _cAshley Davis ; tr. Ashley Davis. |
| 260 |
_aNew York : _bRosen Classroom Books & Materials, _c2007. |
||
| 300 |
_a16 p. : _bprincipalmente il. col. |
||
| 440 | 0 |
_aLecturas del barrio. _pNarrativa |
|
| 650 | 4 |
_aLiteratura infantil _94445 |
|
| 650 | 4 |
_aTORMENTAS _910952 |
|
| 905 | _aInfantil | ||
| 999 |
_c128283 _d128283 |
||